000 00811nam a2200265 i 4500
001 000012574
003 DO-SdBNP
005 20250210091125.0
007 ta
008 091113s1977 dr 001 f spa d
040 _aDO-SdBNP
_bspa
_cBNPHU
_erda
082 _aRD863.44
_bO83s
_222
100 _aOsorio Gómez, Juan A
_929280
_eautor
_4aut.
245 1 0 _aSilvana o una página de la intervención /
_cJuan A. Osorio Gómez.
264 _aSanto Domingo :
_bImprenta Amigo del Hogar,
_c1977.
300 _a39 páginas
_c21 cm.
336 _atexto
_btxt
_2rdacontent
337 _asin mediación
_bn
_2rdamedia
338 _avolumen
_bnc
_2rdacarrier
590 _aInventariado, 2025/ YL
650 0 _aNovela dominicana
_9223
650 0 _aLiteratura dominicana.
_967
910 _aYLockward
942 _2ddc
_cLF2
999 _c12229
_d12229